Podoby milosti básne

Bibliographic Details
Main Author: Milčák, Peter, 1966- (Author, Translator)
Other Authors: Minahane, John, 1950- (Translator), Milčák, Jakub, 1989- (Bookjacket designer)
Format: Book
Language:Slovak
English
PhysicalDescription:53 strán 21 cm
Published: Levoča Toronto Modrý Peter Fooliar Press 2024
ISBN:9781069108012
9788082450548
Subjects:

MARC

LEADER 00000cam a2200000 4500
001 vtls012272567
003 SK-MaSNL
005 20260301232115.0
008 250305s2024 xo g 000 p slo
015 |a SNBA2025/05 
020 |a 9781069108012  |q (viazané ; Fooliar Press ) 
020 |a 9788082450548  |q (viazané ; Modrý Peter ) 
040 |a SNK  |b slo  |c SNK  |e rda 
041 1 |a slo  |a eng  |h slo 
044 |a xo  |c SK  |a xxc  |c CM 
072 7 |a 821.162.4-1  |x Slovenská poézia  |2 konspekt 
080 |a 821.162.4-1  |2 2011 
080 |a 82-1(081.1)  |2 2011 
100 1 |a Milčák, Peter,  |d 1966-  |4 aut  |4 trl  |9 101633 
245 1 0 |a Podoby milosti  |b básne  |c Peter Milčák ; preklad John Minahane a Peter Milčák 
246 1 1 |a Forms of Grace  |b Poems 
264 1 |a Levoča  |b Modrý Peter  |a Toronto  |b Fooliar Press  |c 2024 
300 |a 53 strán  |c 21 cm 
336 |a text  |b txt  |2 rdacontent 
337 |a bez média  |b n  |2 rdamedia 
338 |a zväzok  |b nc  |2 rdacarrier 
500 |a Vydal Modrý Peter a Fooliar Press 
546 |a Súbežný text v angličite 
655 7 |a slovenská poézia  |2 SNKPH  |9 70444 
655 7 |a básnické zbierky  |2 SNKPH  |9 186372 
655 7 |a Slovak poetry  |2 SNKPHeng  |9 265010 
655 7 |a Poetry Collections  |2 SNKPHeng  |9 303114 
700 1 |a Minahane, John,  |d 1950-  |4 trl  |9 166082 
700 1 |a Milčák, Jakub,  |d 1989-  |4 bjd  |9 223834 
852 |a Slovenská národná knižnica 
919 |a 978-80-8245-054-8 
919 |a 978-1-0691080-1-2 
954 |a beletria pôvodná (slovenská)  |2 lita 
958 |a LX 
958 |a UP 
968 |b SLO 
999 |c 960439  |d 962369 
952 |a SNK  |b SNK  |y PREZ  |7 0  |p 17A1565735  |o snkSC 209546  |i snk2025/3949  |8 0  |0 0  |1 0  |4 0  |d 2025-03-05  |f 1  |l 0  |r 2025-11-03 00:00:00  |w 2026-02-24 
952 |a SNK  |b SNK  |y VYP  |7 0  |p 17A1565736  |o snkSC 209546 D1  |i snk2025/3952  |8 0  |0 0  |1 0  |4 0  |d 2025-03-05  |l 0  |r 2026-02-24 10:17:16  |w 2026-02-24